| 000 | 00559nam a22001577a 4500 | ||
|---|---|---|---|
| 999 |
_c533579 _d533579 |
||
| 020 | _qHard Cover. | ||
| 082 | _a628.142 | ||
| 100 | _aMirza, Farman Ali | ||
| 245 |
_a1d and 2d coupled hydrodynamic model of nullah lai flooding using saint -venant equations / _cFarhan Ali Mirza. |
||
| 260 |
_aIslamabad: _bSCEE - NUST, _c2016. |
||
| 300 |
_a48 p. : _bill. ; _c30cm. |
||
| 942 |
_2ddc _cTHE |
||
| 650 |
_aWater Resource Engineering and Management MS-Thesis. _927179 |
||
| 700 |
_aDr. Sajjad Haider _916307 |
||